Reducing the Rate of Backsliding Among Church Members in Warri District of the Seventh-Day Adventist Church, Edo-Delta Conference (Record no. 8166)

MARC details
000 -LEADER
fixed length control field 00617nam a22001697a 4500
003 - CONTROL NUMBER IDENTIFIER
control field AUA.1
005 - DATE AND TIME OF LATEST TRANSACTION
control field 20191016134140.0
008 - FIXED-LENGTH DATA ELEMENTS--GENERAL INFORMATION
fixed length control field 121025t xxu||||| |||| 00| 0 eng d
040 ## - CATALOGING SOURCE
Transcribing agency JTL
050 ## - LIBRARY OF CONGRESS CALL NUMBER
Classification number MA Lead
Item number .U66 2009
100 ## - MAIN ENTRY--PERSONAL NAME
Personal name Julious Osizimhete Umoru
9 (RLIN) 27999
245 ## - TITLE STATEMENT
Title Reducing the Rate of Backsliding Among Church Members in Warri District of the Seventh-Day Adventist Church, Edo-Delta Conference
Statement of responsibility, etc Julious Osizimhete Umoru
300 ## - PHYSICAL DESCRIPTION
Extent 96 p.
Dimensions 29 cm.
650 ## - SUBJECT ADDED ENTRY--TOPICAL TERM
Topical term or geographic name as entry element Seventh-day Adventists
9 (RLIN) 28000
650 ## - SUBJECT ADDED ENTRY--TOPICAL TERM
Topical term or geographic name as entry element Backsliding reduction
9 (RLIN) 28001
942 ## - ADDED ENTRY ELEMENTS (KOHA)
Source of classification or shelving scheme AUA Inhouse Classification
Koha item type Project
Classification part MA Lead
Item part .U66 2009
Holdings
Withdrawn status Lost status Source of classification or shelving scheme Damaged status Not for loan Collection code Home library Current library Shelving location Date acquired Source of acquisition Cost, normal purchase price Serial Enumeration / chronology Total Checkouts Full call number Barcode Date last seen Date checked out Cost, replacement price Price effective from Koha item type Copy number
    AUA Inhouse Classification     JTL Research Collection Judith Thomas Library Judith Thomas Library Judith Thomas Library Research Section 25/10/2012 AUA RESEARCH DEPARTMENT 15.00 AUA011195 1 MA Lead .U66 2009 AUA011195 14/11/2012 14/11/2012 15.00 25/10/2012 Project  
    AUA Inhouse Classification     JTL Research Collection Judith Thomas Library Judith Thomas Library Judith Thomas Library Research Section 25/10/2012 AUA RESEARCH DEPARTMENT 15.00 AUA011196   MA Lead .U66 2009 AUA011196 25/10/2012   15.00 25/10/2012 Project 2